01491nam a2200241Ia 4500001000600000003000900006008004100015040001300056040001300069041001300082100002700095100002900122245004600151245004600197250001100243260001100254260002200265260004900287300004100336500081700377650002401194650003101218E8405IT-RoPAU130308s9999 xx 000 0 und d aIT-RoPAU cIT-RoPAU aITALIANO aOliverio Ferraris Anna gCodice Aut. SPICS: 44654 aGrammatica televisiva: pro e contro la tv bGrammatica Televisiva: pro e contro la Tv a1a ed. aMILANO bCortina Raffaello c1997 [1° Ed.:1997 - Ed.Ling.Originale:1997] a"198 p. (prefazione: 6; testo: 192)" aDavvero la Televisione è una Cattiva maestra che Inebetisce Chi la Guardae Abitua a Essere degli Spettatori? C'E' Posto per la Cultura e per programmi di Qualità in un Tipico mezzo per una Comunicazione di Massa Come la Tv? Alcune guide Eccellenti (Dario Antiseri, Sebastiano Maffettone, Jader Jacobelli, Gigi Proietti, Maurizio Costanzo, Gianni Boncompagni) raccontano la Grammatica della Televisione, la Sua Capacità di Divertire e di Annoiare, di informare e di Indurre Assuefazione, di Svelare la Realtà e di Mascherarla. Alle Loro Risposte si Affiancano le Riflessioni di Alcuni tra I Piu'Classici interpreti della Società Dello Spettacolo, Come Marshall Mcluhan, Jean Baudrillard, Pierre Bourdieu, Umberto Eco, Alberto Abruzzese. Brillante Saggio su Etica e Logica della Comunicazione Televisiva. aTEORICHE TELEVISIVE eCodice materia Spics: 6955